Top 50 Highest Grossing Films Of All Time - Statistics

General Stats
  • This quiz has been taken 27 times
  • The average score is 19 of 50
Answer Stats
Rank Worldwide Gross Year Movie % Correct
1 $2,923,706,026 2009 Avatar
96%
4 $2,257,844,554 1997 Titanic
96%
10 $1,518,815,515 2012 The Avengers
83%
2 $2,797,501,328 2019 Avengers: Endgame
79%
14 $1,402,809,540 2015 Avengers: Age Of Ultron
63%
6 $2,048,359,754 2018 Avengers: Infinity War
63%
39 $1,066,808,894 2023 Barbie
63%
26 $1,153,337,496 2016 Captain America: Civil War
58%
7 $1,921,847,111 2021 Spider-Man: No Way Home
58%
16 $1,347,280,838 2018 Black Panther
54%
20 $1,290,000,000 2013 Frozen
54%
17 $1,342,139,727 2011 Harry Potter And The Deathly Hallows: Part 2
54%
29 $1,131,927,996 2019 Spider-Man: Far From Home
54%
24 $1,214,811,252 2013 Iron Man 3
50%
13 $1,450,026,933 2019 Frozen II
46%
34 $1,081,169,825 2012 The Dark Knight Rises
46%
3 $2,320,250,281 2022 Avatar: The Way Of Water
42%
45 $1,034,199,003 1993 Jurassic Park
42%
5 $2,068,223,624 2015 Star Wars: The Force Awakens
42%
38 $1,066,970,811 2010 Toy Story 3
42%
18 $1,332,539,889 2017 Star Wars: The Last Jedi
38%
9 $1,656,943,394 2019 The Lion King
38%
28 $1,147,633,833 2003 The Lord Of The Rings: The Return Of The King
38%
37 $1,073,394,593 2019 Toy Story 4
38%
30 $1,128,274,794 2019 Captain Marvel
33%
22 $1,242,805,359 2018 Incredibles 2
33%
25 $1,159,444,662 2015 Minions
33%
32 $1,108,569,499 2012 Skyfall
33%
36 $1,074,144,248 2019 Star Wars: The Rise Of Skywalker
33%
12 $1,495,696,292 2022 Top Gun: Maverick
33%
42 $1,050,693,953 2019 Aladdin
29%
27 $1,148,528,393 2018 Aquaman
29%
46 $1,028,570,942 2016 Finding Dory
29%
8 $1,671,537,444 2015 Jurassic World
29%
21 $1,263,521,126 2017 Beauty And The Beast
25%
11 $1,515,341,399 2015 Furious 7
25%
35 $1,074,458,282 2019 Joker
25%
47 $1,027,082,707 1999 Star Wars: Episode I - The Phantom Menace
25%
19 $1,308,473,425 2018 Jurassic World: Fallen Kingdom
21%
40 $1,066,179,747 2006 Pirates Of The Caribbean: Dead Man's Chest
21%
41 $1,057,420,387 2016 Rogue One: A Star Wars Story
21%
50 $1,017,030,651 2012 The Hobbit: An Unexpected Journey
21%
15 $1,358,188,035 2023 The Super Mario Bros. Movie
21%
44 $1,034,800,131 2017 Despicable Me 3
17%
43 $1,045,713,802 2011 Pirates Of The Caribbean: On Stranger Tides
17%
49 $1,023,784,195 2016 Zootopia
17%
48 $1,025,468,216 2010 Alice In Wonderland
13%
23 $1,238,764,765 2017 The Fate Of The Furious
13%
33 $1,104,054,072 2014 Transformers: Age Of Extinction
8%
31 $1,123,794,079 2011 Transformers: Dark Of The Moon
4%
No matching quizzes found
Score Distribution
Percent of People with Each Score
Percentile by Number Answered
Your Score History
You have not taken this quiz